The sage dictionary of health and society (Record no. 32647)

MARC details
000 -LEADER
fixed length control field 00716nam a2200181 a 4500
008 - FIXED-LENGTH DATA ELEMENTS--GENERAL INFORMATION
fixed length control field 160125s2006 ||||||||||||||||| || u
020 ## - INTERNATIONAL STANDARD BOOK NUMBER
International Standard Book Number 9780761941156
050 ## - LIBRARY OF CONGRESS CALL NUMBER
Classification number RA 418 Whi
100 ## - MAIN ENTRY--PERSONAL NAME
Personal name White, Kevin
245 14 - TITLE STATEMENT
Title The sage dictionary of health and society
Statement of responsibility, etc. By Kevin White
260 ## - PUBLICATION, DISTRIBUTION, ETC.
Place of publication, distribution, etc. London:
Name of publisher, distributor, etc. SAGE Publications
Date of publication, distribution, etc. 2006
300 ## - PHYSICAL DESCRIPTION
Extent xiv, 242p.
350 ## -
-- 138.54
650 ## - SUBJECT ADDED ENTRY--TOPICAL TERM
Topical term or geographic name entry element SOCIAL MEDICINE--DICTIONARY--ENGLISH
650 ## - SUBJECT ADDED ENTRY--TOPICAL TERM
Topical term or geographic name entry element SOCIAL MEDICINE--DICTIONARIES
650 ## - SUBJECT ADDED ENTRY--TOPICAL TERM
Topical term or geographic name entry element SOCIOLOGY, MEDICAL--DICTIONARY--ENGLISH
995 ## -
-- MICHAEL CHILUFYA SATA OPEN ACCESS
-- 903578
-- CBU-SCHOOL OF MEDICINE LIBRARY (Ndola)
-- 138.54
-- RA 418 Whi
-- 1
-- AVAILABLE
-- Jan 27, 2016
-- 903578
-- Medical Library Open Access Collection
999 ## -
-- 32647
-- 32647
Holdings
Withdrawn status Lost status Source of classification or shelving scheme Damaged status Not for loan Permanent Location Current Location Shelving location Date acquired Total Checkouts Full call number Barcode Date last seen Price effective from Koha item type
          CBU-SCHOOL OF MEDICINE LIBRARY, NDOLA. CBU-SCHOOL OF MEDICINE LIBRARY, NDOLA.   11/30/2022   RA 418 Whi 903578 11/30/2022 11/30/2022 MONOGRAPH